[Event "CP-2012-P-00039"]
[Site "LSS email"]
[Date "2012.10.01"]
[Round "?"]
[White "Piorko, Krzysiek"]
[Black "Gurinov, Sergey Vasilyevich"]
[Result "0-1"]
[WhiteElo "870"]
[BlackElo "1870"]
[PlyCount "24"]
[EventDate "2012.10.05"]
[EventType "tourn (corr)"]
[EventRounds "6"]
[EventCountry "GER"]
[SourceTitle "Corr 2015"]
[Source "ChessBase"]
[SourceDate "2015.07.17"]
[SourceVersion "1"]
[SourceVersionDate "2015.07.17"]
[SourceQuality "1"]

1. d4 d5 2. c4 e6 3. Nc3 Nf6 4. Nf3 c6 5. e3 Be7 6. cxd5 cxd5 7. Bd3 0-0 8. 0-0 Nc6 9. a3 a6 10. Qc2 g6 11. Re1 Bd7 12. e4 dxe4 0-1

[Event "CP-2012-P-00039"]
[Site "LSS email"]
[Date "2012.10.01"]
[Round "?"]
[White "Piorko, Krzysiek"]
[Black "Husemann, Andreas"]
[Result "0-1"]
[WhiteElo "870"]
[BlackElo "2091"]
[PlyCount "28"]
[EventDate "2012.10.05"]
[EventType "tourn (corr)"]
[EventRounds "6"]
[EventCountry "GER"]
[SourceTitle "Corr 2015"]
[Source "ChessBase"]
[SourceDate "2015.07.17"]
[SourceVersion "1"]
[SourceVersionDate "2015.07.17"]
[SourceQuality "1"]

1. d4 Nf6 2. Nf3 g6 3. e3 Bg7 4. c4 0-0 5. Be2 d6 6. Nc3 Nbd7 7. 0-0 e5 8. d5 a5 9. h3 Nc5 10. Nd2 Nfd7 11. Nde4 f5 12. Nxc5 Nxc5 13. Bd2 Bd7 14. a3 a4 0-1

[Event "LSS No Engine Cup 72 Preliminary 1"]
[Site "LSS email"]
[Date "2012.09.06"]
[Round "?"]
[White "Mueller Toepler, Michael"]
[Black "Piorko, Krzysiek"]
[Result "1-0"]
[WhiteElo "1653"]
[BlackElo "870"]
[PlyCount "31"]
[EventDate "2012.09.07"]
[EventType "tourn (corr)"]
[EventRounds "6"]
[EventCountry "GER"]
[SourceTitle "Corr 2015"]
[Source "ChessBase"]
[SourceDate "2015.07.17"]
[SourceVersion "1"]
[SourceVersionDate "2015.07.17"]
[SourceQuality "1"]

1. e4 c5 2. Nf3 Nc6 3. d4 cxd4 4. Nxd4 e5 5. Nb5 a6 6. Nd6+ Bxd6 7. Qxd6 Qf6 8. Qd1 Nge7 9. Nc3 0-0 10. Be3 b5 11. Qd2 Bb7 12. 0-0-0 Rfd8 13. Qd6 Qe6 14. Bb6 Qxd6 15. Rxd6 Rdc8 16. Rxd7 1-0

[Event "OP-2012-0-02365"]
[Site "LSS email"]
[Date "2012.08.19"]
[Round "?"]
[White "Piorko, Krzysiek"]
[Black "Klawitter, Bernd"]
[Result "1/2-1/2"]
[WhiteElo "870"]
[BlackElo "887"]
[PlyCount "22"]
[EventDate "2012.08.16"]
[EventType "tourn (corr)"]
[EventRounds "4"]
[EventCountry "GER"]
[SourceTitle "Corr 2015"]
[Source "ChessBase"]
[SourceDate "2015.07.17"]
[SourceVersion "1"]
[SourceVersionDate "2015.07.17"]
[SourceQuality "1"]

1. d4 d5 2. c4 c6 3. Nc3 Nf6 4. Nf3 e6 5. e3 a6 6. cxd5 cxd5 7. Bd3 h6 8. 0-0 Be7 9. Re1 0-0 10. h3 Nc6 11. a3 b5 1/2-1/2

[Event "OP-2012-0-02365"]
[Site "LSS email"]
[Date "2012.08.19"]
[Round "?"]
[White "Tkachenko, Oleg Pavlovich"]
[Black "Piorko, Krzysiek"]
[Result "1-0"]
[WhiteElo "1876"]
[BlackElo "870"]
[PlyCount "35"]
[EventDate "2012.08.16"]
[EventType "tourn (corr)"]
[EventRounds "4"]
[EventCountry "GER"]
[SourceTitle "Corr 2015"]
[Source "ChessBase"]
[SourceDate "2015.07.17"]
[SourceVersion "1"]
[SourceVersionDate "2015.07.17"]
[SourceQuality "1"]

1. c4 g6 2. e4 Bg7 3. Nf3 d6 4. d4 Bg4 5. Be2 Nd7 6. Nc3 Bxf3 7. Bxf3 e5 8. Be3 Ngf6 9. 0-0 0-0 10. d5 Kh8 11. Qb3 Qc8 12. Qa4 c6 13. dxc6 Qxc6 14. Qxc6 bxc6 15. Rfd1 Ne8 16. b4 c5 17. bxc5 Nxc5 18. Nb5 1-0

[Event "ZN-2012-0-02024"]
[Site "LSS email"]
[Date "2012.08.13"]
[Round "?"]
[White "Piorko, Krzysiek"]
[Black "Testa, Italo"]
[Result "1-0"]
[WhiteElo "914"]
[BlackElo "947"]
[PlyCount "89"]
[EventDate "2012.08.08"]
[EventType "match (corr)"]
[EventRounds "2"]
[EventCountry "GER"]
[SourceTitle "Telechess CBM 165"]
[Source "ChessBase"]
[SourceDate "2015.03.11"]
[SourceVersion "1"]
[SourceVersionDate "2015.03.11"]
[SourceQuality "1"]

1. d4 d5 2. c4 e6 3. Nc3 dxc4 4. e3 Nf6 5. Bxc4 Be7 6. Nf3 0-0 7. 0-0 Nc6 8. Re1 a6 9. a3 b5 10. Bd3 Bb7 11. h3 Nd5 12. Qc2 Nf6 13. Ne4 h6 14. Bd2 Nb8 15. Nxf6+ Bxf6 16. Ba5 Nc6 17. Bc3 Rc8 18. e4 Nxd4 19. Nxd4 Bxd4 20. Rad1 e5 21. Be2 c5 22. Bg4 Qc7 23. Bxc8 Bxc8 24. Bxd4 exd4 25. Rxd4 Qa5 26. Rdd1 c4 27. Re2 Be6 28. Red2 b4 29. axb4 Qxb4 30. e5 g6 31. Rd8 a5 32. Rxf8+ Kxf8 33. Qd2 Kg7 34. Qxb4 axb4 35. f4 h5 36. Kf2 Kf8 37. Kf3 Ke7 38. Ke4 b3 39. Kd4 Kd7 40. Kc5+ Kc7 41. Rc1 Kb7 42. Rxc4 Bxc4 43. Kxc4 Kc6 44. Kxb3 h4 45. Kc4 1-0

[Event "OP-2012-0-02321"]
[Site "LSS email"]
[Date "2012.07.28"]
[Round "?"]
[White "Vontina, Maria"]
[Black "Piorko, Krzysiek"]
[Result "0-1"]
[WhiteElo "761"]
[BlackElo "870"]
[PlyCount "48"]
[EventDate "2012.07.26"]
[EventType "tourn (corr)"]
[EventRounds "4"]
[EventCountry "GER"]
[SourceTitle "Telechess CBM 165"]
[Source "ChessBase"]
[SourceDate "2015.03.11"]
[SourceVersion "1"]
[SourceVersionDate "2015.03.11"]
[SourceQuality "1"]

1. e4 c5 2. Nf3 Nc6 3. d4 cxd4 4. Nxd4 e6 5. Nc3 g6 6. Be3 Bg7 7. f3 Qh4+ 8. g3 Qf6 9. Nxc6 bxc6 10. Bc4 Ne7 11. 0-0 0-0 12. Qd2 Bb7 13. a3 d5 14. exd5 cxd5 15. Bb3 Rfd8 16. Rad1 Nf5 17. Bc5 Qe5 18. Rde1 Qf6 19. Kg2 Bh6 20. Qe2 a5 21. Ba2 d4 22. Ne4 Qe5 23. Qb5 Ne3+ 24. Rxe3 Bxe3 0-1

[Event "OP-2012-0-02276"]
[Site "LSS email"]
[Date "2012.07.01"]
[Round "?"]
[White "Piorko, Krzysiek"]
[Black "Torfs, Gert"]
[Result "1-0"]
[WhiteElo "895"]
[BlackElo "838"]
[PlyCount "59"]
[EventDate "2012.06.28"]
[EventType "tourn (corr)"]
[EventRounds "4"]
[EventCountry "GER"]
[SourceTitle "Telechess CBM 153"]
[Source "ChessBase"]
[SourceDate "2013.03.14"]
[SourceVersion "1"]
[SourceVersionDate "2013.03.14"]
[SourceQuality "1"]

1. d4 Nf6 2. Nf3 g6 3. c4 Bg7 4. Nc3 d6 5. Bg5 Bg4 6. h3 Bxf3 7. exf3 Nbd7 8. Be2 0-0 9. 0-0 e5 10. Ne4 h6 11. Be3 Nb6 12. Qd2 Qe7 13. Bxh6 Bxh6 14. Qxh6 Nh7 15. Rfe1 exd4 16. Bd3 Qd7 17. f4 f5 18. Qxg6+ Qg7 19. Qxg7+ Kxg7 20. Ng3 Kg6 21. Re6+ Kf7 22. Bxf5 Nxc4 23. Rae1 Nf6 24. Re7+ Kg8 25. Be6+ Kh8 26. Bxc4 Rac8 27. Ne4 Nxe4 28. R1xe4 c5 29. f5 Rb8 30. Rh4# 1-0

[Event "OP-2012-0-02264"]
[Site "LSS email"]
[Date "2012.06.25"]
[Round "?"]
[White "Pilgram, Kurt"]
[Black "Piorko, Krzysiek"]
[Result "1-0"]
[WhiteElo "1699"]
[BlackElo "914"]
[PlyCount "29"]
[EventDate "2012.06.22"]
[EventType "tourn (corr)"]
[EventRounds "4"]
[EventCountry "GER"]
[SourceTitle "Corr 2015"]
[Source "ChessBase"]
[SourceDate "2015.07.17"]
[SourceVersion "1"]
[SourceVersionDate "2015.07.17"]
[SourceQuality "1"]

1. d4 d5 2. c4 Nf6 3. cxd5 Nxd5 4. e4 Nb6 5. Nc3 e6 6. Nf3 c5 7. Be3 Nc6 8. dxc5 Nd7 9. Bb5 Qc7 10. 0-0 Nxc5 11. Qc2 Bd6 12. Bxc5 Bxc5 13. Nd5 Bxf2+ 14. Rxf2 0-0 15. Nxc7 1-0